| 000 | 00767cam a22002413a 4500 | ||
|---|---|---|---|
| 001 | 20092 | ||
| 003 | PGUSA | ||
| 005 | 20140828083427.0 | ||
| 008 | 061212s2006||||xxu|||||s|||||000 1 eng d | ||
| 040 |
_aPGUSA _beng |
||
| 042 | _adc | ||
| 050 | 4 | _aPR | |
| 100 | 1 |
_aHenty, G. A. _q(George Alfred), _d1832-1902 |
|
| 245 | 1 | 0 |
_aSaint Bartholomew's Eve : _bA Tale of the Huguenot Wars _h[electronic resource] / _cG. A. Henty |
| 260 |
_bProject Gutenberg, _c2006 |
||
| 506 | _aPublic domain in the USA. | ||
| 516 | _aElectronic text | ||
| 653 | _aFrance -- History -- Wars of the Huguenots, 1562-1598 -- Fiction | ||
| 700 | 1 |
_aDraper, Herbert James, _d1864-1920 |
|
| 830 | 0 |
_aProject Gutenberg _v20092 |
|
| 856 | 4 | 0 | _uhttp://www.gutenberg.org/ebooks/20092 |
| 942 | _cEB | ||
| 999 |
_c249347 _d249347 |
||